Návrh a implementícia adaptéra pre OPC UA
Uložené v:
| Hlavný autor: | |
|---|---|
| Ďalší autori: | |
| Médium: | Rukopis Kniha |
| Jazyk: | Slovak |
| Vydavateľské údaje: |
2025
|
| Predmet: | |
| On-line prístup: | http://is.stuba.sk/zp/portal_zp.pl?podrobnosti=183907 |
| Tagy: |
Žiadne tagy, Buďte prvý, kto otaguje tento záznam!
|
MARC
| LEADER | 00000ntm a22000003a 4500 | ||
|---|---|---|---|
| 001 | stuzp103850 | ||
| 003 | SK-STU | ||
| 005 | 20250614212305.6 | ||
| 007 | ta | ||
| 008 | 150427s2015----xo-----f-mn---000-0-slo-d | ||
| 040 | |a STU |b slo | ||
| 041 | 0 | |a slo | |
| 100 | 1 | |a Čambál, Ľubor |u 066000 |4 aut |U MTF Materiálovotechnologická fakulta |T MTF Ústav aplikovanej informatiky, automatizácie a mechatroniky |X 91674 |U M6000 |Y 86 |7 91674 | |
| 242 | 0 | 1 | |a Design and implementation of an adapter for OPC UA |y eng |
| 245 | 1 | 0 | |a Návrh a implementícia adaptéra pre OPC UA |
| 260 | |c 2025 | ||
| 650 | 4 | |a Adapter |2 eng | |
| 650 | 4 | |a OPC UA |2 eng | |
| 650 | 4 | |a MQTT |2 eng | |
| 650 | 4 | |a Adaptér |2 slo | |
| 650 | 4 | |a OPC UA |2 slo | |
| 650 | 4 | |a MQTT |2 slo | |
| 700 | 1 | |a Kováč, Szabolcs |u 066000 |k Z1 |4 ths |U MTF Materiálovotechnologická fakulta |T MTF Ústav aplikovanej informatiky, automatizácie a mechatroniky |X 73542 |U M6000 |Y 86 |7 73542 | |
| 856 | 4 | |u http://is.stuba.sk/zp/portal_zp.pl?podrobnosti=183907 | |
| 996 | |c M* DP-15504 |l MMSKP |s P |a 0 |w stuzp103850_0001 | ||